000 00696nam a2200229Ii 4500
003 JO-AjNU
008 230606s9999||||xx |||||||||||||| ||und||
017 _a1995/10966
020 _a977-5035-97
040 _aJO-AjNU
_beng
_erda
_cJO-AjNU
041 _aeng
050 1 4 _aTA660.B4.W34.2005
100 3 _aWaked, khalil ibrahim,
_eauthor
_94214
245 0 0 _aDesign of Reinforced Concrete Beams :According to New egyptian code concept203-2001
250 _a4 ed
264 3 1 _aالقاهرة:دار الكتب العلمية,2005
300 _a342p
336 _atext
_btxt
_2rdacontent
337 _aunmediated
_bn
_2rdamedia
338 _avolume
_bnc
_2rdacarrier
650 4 _aBeams
_94215
999 _aE2192
_c2190
_d2190